Rambles round Rugby / (Record no. 187819)
[ view plain ]
| 000 -LEADER | |
|---|---|
| fixed length control field | 00637cam2a220020500 4500 |
| 001 - CONTROL NUMBER | |
| control field | tmp15738894 |
| 003 - CONTROL NUMBER IDENTIFIER | |
| control field | UPRA |
| 005 - DATE AND TIME OF LATEST TRANSACTION | |
| control field | 20190830110053.0 |
| 008 - FIXED-LENGTH DATA ELEMENTS--GENERAL INFORMATION | |
| fixed length control field | 951017s1892 enk eng u |
| 035 ## - SYSTEM CONTROL NUMBER | |
| System control number | (Sirsi) r69243 |
| 035 ## - SYSTEM CONTROL NUMBER | |
| System control number | (UPRA)tmp15738894 |
| 050 ## - LIBRARY OF CONGRESS CALL NUMBER | |
| Classification number | RARE DA 690 RIM 1892 |
| 100 1# - MAIN ENTRY--PERSONAL NAME | |
| Personal name | Rimmer, Alfred, 1829-1893 |
| 245 10 - TITLE STATEMENT | |
| Title | Rambles round Rugby / |
| Statement of responsibility, etc. | Alfred Rimmerwith an introductory chapter by the Rev. W.H. Payn Smith. |
| 260 ## - PUBLICATION, DISTRIBUTION, ETC. | |
| Place of publication, distribution, etc. | London : |
| Name of publisher, distributor, etc. | Percival, |
| Date of publication, distribution, etc. | 1892. |
| 300 ## - PHYSICAL DESCRIPTION | |
| Extent | xii, 270p.:bill. |
| 500 ## - GENERAL NOTE | |
| General note | Edition limited to 750 copies. |
| 650 #0 - SUBJECT ADDED ENTRY--TOPICAL TERM | |
| Topical term or geographic name entry element | Rugby (England) -- Description and travel |
| 949 ## - LOCAL PROCESSING INFORMATION (OCLC) | |
| a | DA690 |
No items available.